000 00649nam a22002057a 4500
003 OSt
005 20240223160034.0
008 190409b xxu||||| |||| 00| 0 eng d
020 _a9798189747144
040 _cIIMT UNIVERSITY, MEEERUT
_dSEROSOFT
100 _aSARDANA, SHARMA
245 _aLABORATORY MANUAL IN PHARMACOGNOSY
_cAUTHOR
_hENGLISH
250 _a4TH
260 _aDELHI
_bBIRLA
_c2019
300 _aPAPERBACK
_b72 PP
760 _b4TH ED.
856 _3PAPRBACK
_uLABORATORY MANUAL IN PHARMACOGNOSY
_zLABORATORY MANUAL IN PHARMACOGNOSY
887 _2TITLE
942 _2ddc
_c01
_e4TH ED.
_hTITLE
_iBOOK
_k615.258 SAR
_m615.258 SAR
999 _c46042
_d46042